| 000 | 00833nam a2200265 a 4500 | ||
|---|---|---|---|
| 003 | MX-MxUPN | ||
| 005 | 20220916063447.0 | ||
| 008 | 991125s1980 mx rb 000 0 spa d | ||
| 020 | _a9682303141 | ||
| 035 | _aUPN01000017275 | ||
| 040 |
_aMX-MxUPN _bspa _cMX-MxUPN |
||
| 041 | 1 |
_aspa _heng |
|
| 050 | 1 | 4 |
_aLA212 _bC338 1980 |
| 100 | 1 |
_aCarnoy, Martin, _d1938- _930880 |
|
| 240 | 1 | 0 |
_a[Education as cultural imperialism. _lEspañol] |
| 245 | 1 | 3 | _aLa educación como imperialismo cultural |
| 250 | _aTercera edición. | ||
| 260 |
_aMéxico, D.F. : _bSiglo XXI, _c1980. |
||
| 300 | _a349 páginas | ||
| 490 | 0 | _aEducación | |
| 504 | _aIncluye referencias bibliográficas. | ||
| 650 | 7 |
_aEducación _zEstados Unidos _xHistoria _2 _916887 |
|
| 650 | 7 |
_aSociología de la educación _zEstados Unidos _2 _946395 |
|
| 942 |
_2lcc _cLIBRO |
||
| 999 |
_c17275 _d17275 |
||